00582nam a22002297a 4500003000500000005001700005008004100022010001000063011001000073035001000083040000900093082001500102100002900117245002700146260003800173300003100211490002600242650001800268650001600286650002400302830002600326CHAP20220329140643.0971013s1979 r 00010 d a55425 a56397 a60550 cCHAP a575.1bS2300aScandalios, John G.eed. aPhysiological genetics aNew York :bAcademic Press,c1979 a280 p.b: ilus. ; gráfs. aPhysiological ecology14aFisiología.14aGenética.14aMaízxGenética.0 aPhysiological ecology